Pittsburgh Steelers Nicknames - Statistics

General Stats
  • This quiz has been taken 512 times
    246 since last reset
  • The average score is 6 of 9
Answer Stats
Nickname Tenure Player % Correct
Big Ben 2004–2021 Ben Roethlisberger
96%
Mean Joe 1969–1981 Joe Greene
95%
The Bus 1996–2005 Jerome Bettis
91%
Baby Gronk / Muth 2021– Pat Freiermuth
80%
The Samoan Headhunter 2003–2014 Troy Polamalu
72%
The Blonde Bomber 1970–1983 Terry Bradshaw
71%
Deebo 2004–2017 James Harrison
54%
Fast Willie 2004–2009 Willie Parker
48%
Slash 1995–2002 Kordell Stewart
39%
No matching quizzes found
Score Distribution
Percent of People with Each Score
Percentile by Number Answered
Your Score History
You have not taken this quiz since the last reset